00498nam a2200181 a 4500001001300000003000900013005001700022008004100039020002300080082001300103100002100116245005600137260003300193300001000226500003500236505002500271650002000296nice12345678IN_TiNIC20260116013147.0050524s1987 newa grp 000 0 eng  a0883441 c41000a025bFEN aFenton, Thomas P aWomen in the Third Worldb a Directory of Resources aNew YorkbOrbis Books c1987 a141p. aincludes index and biblioraphy2 aAcademy Series No.64 aWomen-Directory